000 00709nam a2200229 i 4500
001 bg
100 1 _aBILISZCZUK, Jan
245 1 0 _aMosty podwieszone :
_bprojektowanie i realizacja /
_cJan Biliszczuk.
260 _aWarszawa :
_b"Arkady",
_c2005.
300 _a525 s., 22 s. tabl. kolor. :
_bil. (w tym kolor.) ;
_c25 cm.
504 _aBibliogr. - Indeks.
650 9 _aMosty podwieszone
655 _aPodręczniki akademickie
020 _a8321344097
040 _cBPK
041 0 _apol
080 _a624.2/.8(075.8)
920 _a83-213-4409-7
942 _cKS
008 s pl f |000 0 pol
999 _c51530
_d51530
856 _uhttp://koha.tu.koszalin.pl/cgi-bin/koha/opac-detail.pl?biblionumber=51530
_yKatalog online BPK